Handbook of Chemistry and Physics A ready-reference book of chemical and physical data Časť 1
Salvato in:
| Altri autori: | , , |
|---|---|
| Natura: | Libro |
| Lingua: | inglese |
| Pubblicazione: |
Cleveland
Chemical Rubbr
1955
|
| Edizione: | 37th edition |
| Accesso online: | Visualizza in OPAC |
| Tags: |
Nessun Tag, puoi essere il primo ad aggiungerne!!
|
MARC
| LEADER | 00000nam a2200000 a 4500 | ||
|---|---|---|---|
| 005 | 20260127134256.0 | ||
| 008 | 090603 1955 xxu 000 0 eng d | ||
| 035 | |a vtls009520995 | ||
| 039 | 9 | |y 200906031048 |z mschk03 | |
| 040 | |a STUSCHK1 |b slo |c STUSCHK1 |e AACR2 | ||
| 080 | |a 53/54(083.3) | ||
| 245 | 1 | |a Handbook of Chemistry and Physics |b A ready-reference book of chemical and physical data |n Časť 1 |c editors Charles D. Hodgman, Robert C. Weast, Samuel M. Selby | |
| 250 | |a 37th edition | ||
| 260 | |a Cleveland |b Chemical Rubbr |c 1955 | ||
| 300 | |a xxii, 1500 s. |c 19 cm | ||
| 700 | 1 | |a Hodgman, Charles D. |4 edt | |
| 700 | 1 | |a Weast, Robert C. |4 edt | |
| 700 | 1 | |a Selby, Samuel M. |4 edt | |
| 910 | |a SCHK95 | ||
| 999 | |c 8515 |d 8515 | ||